00548 2200217 4500001002100000005001500021035002000036245006400056100001300120250000600133300003300139700002200172260003100194082000800225084001400233020002200247650001000269990001700279990001700296990001700313INLIS00000000000035520181010025713 a0010-10180000451 aHewan Peliharaan /cSema Gul; Penerjemah, Astri K. Cil, S.S0 aSema Gul a- a32 hlm. :bilus. ;c28,5 cm.0 aAstri K. Cil, S.S aBogor :bYudhistira,c2007 a590 a590 SEM h a978-979-019-024-5 aHewan a01419/P/2018 a01420/P/2018 a01421/P/2018